Statistiken für Welche Kennzeichen ist hier versteckt? Teil 1

Klicken Sie hier um das Quiz zu spielen!

Allgemein

  • Dieses Quiz wurde 33 mal gespielt
    (29 seit der letzten Aktualisierung)
  • Das Durchschnittsergebnis liegt bei 15 aus 43

Antwortstatistiken

BundeslandJ O K C I E A L P% Korrekt
SachsenLeipzig
96%
NRWEssen
92%
ThüringenJena
92%
NRWKöln
92%
BayernAugsburg
88%
SachsenChemnitz
88%
Schleswig-HolsteinKiel
72%
BrandenburgPotsdam
72%
NiedersachsenOldenburg
64%
Rheinland-PfalzKoblenz
52%
NiedersachsenCelle
48%
Baden-WürttembergKarlsruhe
44%
SachsenPlauen
44%
Schleswig-HolsteinPinneberg
40%
NRWAachen
36%
BayernPassau
36%
NiedersachsenPeine
32%
BayernCoburg
28%
NRWOlpe
28%
ThüringenApolda
24%
ThüringenEisenach
24%
Rheinland-PfalzKaiserslautern
24%
BayernKronach
20%
BayernLandshut
20%
BayernAichach
16%
Rheinland-PfalzAltenkirchen
16%
ThüringenIlmenau
16%
Baden-WürttmbergKehl
16%
BayernKempten
16%
NiedersachsenCloppenburg
12%
BayernEichstätt
12%
ThüringenIlm-Kreis
12%
Sachsen-AnhaltJerichower Land
12%
Sachsen-AnhaltOhrekreis
12%
NRWOpladen
12%
NiedersachsenEmsland
8%
Sachsen-AnhaltJessen
8%
NRWLippstadt
8%
Sachsen-AnhaltOschersleben
8%
BrandenburgCalau
4%
BayernLindau
4%
BrandenburgLuckau
4%
SachsenAuerbach
0%

Verteilung der Resultate

Perzentil nach korrekt beantworteten Fragen

Anzahl Personen mit jedem Resultat

Ihre Resultats-Entwicklung

Sie haben dieses Quiz seit der letzten Aktualisierung nicht gespielt